Marcas de Caneta mais populares do Brasil - Statistics

Estatísticas Gerais
  • Esse quiz foi jogado 149 vezes
  • A pontuação média é 4 de 10
Estatísticas das Respostas
Hint Resposta % Correto
1 Bic
100%
2 Faber Castell
76%
3 Compactor
44%
4 Stabilo
38%
6 Cis
35%
5 Pilot
31%
8 Pentel
19%
10 Tris
13%
7 Molin
9%
9 Paper Mate
9%
Nenhum quiz correspondente encontrado
Distribuição das Pontuações
Porcentagem de Pessoas com Cada Pontuação
Percentil de Números Respondidos
Sua Pontuação Histórica
Você não jogou esse quiz